000 01212pam a2200349 a 4500
005 20260322212009.0
008 data
010 _a 90030663
020 _a0895773538
020 _a9780895773531
040 _aDLC
_cDLC
_dDLC
050 0 0 _aT47
_b.H725 1990
082 0 0 _a600
_220
092 _a600 H725 1990
245 1 0 _aHow in the world?
_cReader's Digest Association.
260 _aPleasantville, N.Y. :
_bReader's Digest Association,
_cc1990.
300 _a448 p. :
_bill. (some col.) ;
_c29 cm.
500 _aAt head of title: Reader's digest.
500 _aIncludes index.
650 0 _aTechnology
_vMiscellanea.
650 0 _aScience
_vMiscellanea.
650 0 _aMedicine
_vMiscellanea.
650 0 _aCuriosities and wonders.
720 2 _aReader's Digest Association.
730 0 _aReader's digest.
906 _a7
_bcbc
_corignew
_d1
_eocip
_f19
_gy-gencatlg
991 _bc-GenColl
_hT47
_i.H725 1990
_tCopy 1
_wBOOKS
991 _bc-GenColl
_hT47
_i.H725 1990
_p00014419135
_tCopy 3
_wCCF
991 _br-SciRR
_hT47
_i.H725 1990
_tCopy 1
_wGenBib bi 91-004000
001 data
999 _c167
_d167